[Event "2015 Alberta Closed"]
[Site "Calgary"]
[Date "2015.04.04"]
[Round "3.3"]
[White "Wang, Richard"]
[Black "Ng, Gary"]
[Result "1-0"]
[WhiteElo "2401"]
[BlackElo "2320"]
[PlyCount "109"]
[EventDate "2015.04.03"]
[EventType "tourn"]
[EventRounds "5"]
[EventCountry "CAN"]

1. e4 c6 2. d4 d5 3. e5 Bf5 4. Nf3 e6 5. Nbd2 c5 6. dxc5 Bxc5 7. Nb3 {The game
followed a relatively unexplored path meaning that both opponents are probably
out of book at this point.} Be7 {This is not the right square for the bishop.}
({Better is} 7... Bb6 $1 {fighting for the d4-square and keeping e7 available
for the knight.}) 8. Nbd4 {It turns out that placing the other knight on the
same square is preferable. After the text move Black should be OK.} Be4 9. Bb5+
Nd7 10. O-O a6 11. Be2 g5 {Ambitious.} ({The simple} 11... Bc5 {promises at
least equality.}) 12. Be3 g4 13. Nd2 Nxe5 14. Nxe4 dxe4 15. Bxg4 Nf6 16. Be2
Qc7 17. c3 O-O-O {Black may be satisfied with the outcome of the opening. His
position is easier to play. Over the course of the following few moves White
cannot find a good plan and his position rapidly deteriorates.} 18. h3 Rhg8 19.
Qa4 Nd5 20. Qc2 Nxe3 21. fxe3 Bg5 $1 22. Kh1 {Correct.} ({Black's idea is
revealed after} 22. Qxe4 $2 {:} f5 23. Qb1 Bxe3+ 24. Kh1 Qg7 {with a crushing
attack.}) 22... Rde8 ({Even stronger is} 22... Rg6 {with the same idea of
overprotecting the e6-pawn.}) 23. Qxe4 f5 24. Qc2 Bxe3 25. Qb3 $2 ({White
should try to disrupt the opponent's coordination by means of} 25. Bh5 {Here}
Bxd4 26. Bxe8 Rxe8 $2 {loses material to} 27. Qa4) 25... Qg7 {Now Black's
attack must be decisive.} 26. Rg1 {The only defence.} Bxg1 27. Rxg1 {Black has
an extra exchange and the initiative.} Qd7 $2 {This understandable desire to
consolidate allows White to stay in the game.} ({The computer points out to a
strong blow} 27... Ng4 $1 {threatening checkmate in two.} {After} 28. Bxg4 fxg4
29. Nxe6 Qe5 {White's days are numbered, e.g.,} 30. Qc4+ Kb8 31. Nc5 Ka7 32.
Qb4 Qd5 {etc.}) 28. Bh5 $1 {An unpleasant surprise.} Ng6 (28... Re7 $2 {is
terrible in view of} 29. Nxf5 $1) 29. Re1 e5 30. Nxf5 Kb8 31. Bf3 Rgf8 32. Rd1
Qb5 33. Qxb5 axb5 34. Nd6 Rd8 35. Kg1 ({Certainly not} 35. Nxb5 $2 Rxd1+ 36.
Bxd1 Rf1+ {and wins.}) 35... Nh4 36. Be2 {White managed to get a pawn back but
Black remains in the driver's seat.} Nf5 37. Nxb5 Rxd1+ $6 ({Correct is} 37...
Ng3 $1 {forcing} 38. Rxd8+ Rxd8 {The bishop doesn't have a good square, while
the white king may also get in trouble.}) 38. Bxd1 Rd8 39. Bc2 {Black must
have underestimated this resource.} Nd6 $2 {This mistake robs Black of all his
winning chances.} ({He is still ahead after} 39... Ne3 40. Bxh7 Rd2 41. Be4
Rxb2 42. a4 Ra2 43. Bf3 Rxa4 44. Kf2 Nf5) 40. Nxd6 Rxd6 41. Bxh7 Kc7 ({
Unfortunately, after} 41... Rd2 $2 42. g4 Rxb2 43. g5 {the pawn cannot be
stopped.}) 42. Be4 Rd2 43. h4 Re2 44. Bd3 Rd2 45. Be4 Re2 46. Bd3 Rd2 47. Bf5 {
White correctly decides to give it a try.} Kd6 48. g4 Rxb2 $2 {The losing move.
} (48... e4 $3 {is the only way but it is hard to find:} 49. Bxe4 Ke5 50. Bxb7
Rxb2 51. Bc8 Rxa2 {Black will soon pick up the c-pawn with an easy draw.}) 49.
g5 Ke7 50. h5 Rxa2 51. h6 Kf8 52. g6 Ra6 53. Kg2 {Black is helpless as the
white pawns are too strong.} Rd6 54. Kf3 Rc6 55. Ke4 1-0

[Event "2015 Alberta Closed"]
[Site "Calgary"]
[Date "2015.04.05"]
[Round "4.1"]
[White "Arruebarrena, Rafael"]
[Black "Ng, Gary"]
[Result "0-1"]
[WhiteElo "2334"]
[BlackElo "2320"]
[PlyCount "114"]
[EventDate "2015.04.03"]
[EventType "tourn"]
[EventRounds "5"]
[EventCountry "CAN"]

1. e4 c6 2. d4 d5 3. Nd2 dxe4 4. Nxe4 Bf5 5. Ng3 Bg6 6. h4 h6 7. Nf3 Nd7 8. h5
Bh7 9. Bd3 Bxd3 10. Qxd3 e6 11. Bd2 Ngf6 12. O-O-O Be7 13. Kb1 c5 14. Ne4 Qb6 {
A rare continuation. Black automatically castles most of the time.} 15. Ne5 {
This pawn sacrifice is sound.} cxd4 16. Nxd7 Nxd7 17. Qg3 Kf8 18. Bf4 Rc8 19.
Rhe1 {White has full compensation for the pawn.} Nf6 20. Be5 Qc6 21. Qd3 Nxh5
22. Qxd4 Qxc2+ 23. Ka1 {The black king in the center justifies White's second
pawn sacrifice.} Qc4 {An exchange of queens will not solve Black's problems.} (
{Instead, he should try to get his king to safety} 23... Kg8 $5 {and then
connect the rooks.}) 24. Qxa7 {White seizes an opportunity to get material
back but loses the initiative.} ({Correct is a somewhat surprising} 24. Qxc4 $1
Rxc4 25. Rd7 {and White's position is to be preferred despite a two-pawn
deficit.}) 24... Nf6 25. Bxf6 {Risky.} ({White should simply grab a second pawn
} 25. Qxb7 Nxe4 26. Qxe4 Qxe4 27. Rxe4 f6 28. Bc3 Kf7 {with an equal position.}
) 25... gxf6 26. Qxb7 Rc7 ({Here and later Black has a strong resource} 26...
f5 {seizing the initiative.}) 27. Qb6 Kg7 28. Nc3 Ra8 29. Re4 Qc5 30. Rg4+ Kh7
31. Qxc5 Bxc5 32. Rc4 {The previous few moves featured inaccuracies from both
sides; White emerged with a slight advantage. The queens are off the board
meaning that he can start advancing his queenside passed pawns. First of all,
however, Black must get rid of the pin.} Rg8 $2 {A surprising blunder.} ({
Correct is} 32... Rcc8 {intending to answer} 33. Ne4 {with} Be7) 33. Ne4 Rgc8
34. Rdc1 ({The simplest way to win is actually} 34. Rxc5 Rxc5 35. Nxc5 Rxc5 36.
b4 Rb5 37. Rb1 {then the pawns advance quickly.}) 34... Bb6 35. Rxc7 Rxc7 36.
Rxc7 Bxc7 37. Nxf6+ Kg6 38. Nd7 Bd6 39. a4 {Nevertheless, White has won a pawn
and it seems that he shouldn't have much trouble converting.} Bb4 40. Ne5+ Kf5
41. Nc6 Be1 42. f3 $2 {This natural move loses time that suddenly becomes
precious. In fact, White may not be winning anymore!} ({Best is} 42. a5 $1 Bxf2
43. a6 e5 44. a7 Bxa7 45. Nxa7 {The knight and the king will stop the e5-pawn,
then the b-pawn will tell.}) 42... Kf4 43. b4 Kg3 44. b5 Kxg2 45. b6 h5 46. a5
h4 47. a6 h3 48. a7 h2 49. a8=Q h1=Q 50. Kb2 Qh4 {This position is drawn but
White's misadventures aren't over yet.} 51. Qg8+ $2 {Hard to believe but it's
the losing move.} (51. Qa2 {is probably the simplest way to get a draw.}) 51...
Kf1 $1 {The white king is surprisingly defenceless and it's too late to do
anything about it.} 52. Qxf7 Qf2+ 53. Ka3 Qc5+ {Precisely played.} 54. Ka2 Qc4+
55. Ka3 Bd2 56. Kb2 Bc1+ 57. Kb1 Qc3 0-1

[Event "2015 Alberta Closed"]
[Site "Calgary"]
[Date "2015.04.05"]
[Round "4.2"]
[White "Yam, Alex"]
[Black "Wang, Richard"]
[Result "1/2-1/2"]
[WhiteElo "2367"]
[BlackElo "2401"]
[PlyCount "109"]
[EventDate "2015.04.03"]
[EventType "tourn"]
[EventRounds "5"]
[EventCountry "CAN"]

1. e4 e6 2. d3 d5 3. Nd2 Nc6 4. Ngf3 Nf6 5. c3 e5 6. Be2 {White is playing the
Hanham variation of the Philidor defence with two extra tempi. The following
few moves indicate, however, that it may still not be enough for an opening
advantage.} a5 ({After} 6... Bc5 {Black has to seriously reckon with} 7. b4) 7.
a4 dxe4 8. dxe4 Bc5 9. O-O O-O 10. Qc2 Qe7 11. Nc4 Rd8 12. Bg5 h6 13. Be3 Bxe3
14. Nxe3 Be6 15. Bc4 Bxc4 16. Nxc4 Qc5 17. Qb3 {White initiates complications
and temporarily sacrifices the e4-pawn.} ({Instead, a simple move like} 17. b3
{is OK.}) 17... Nxe4 18. Rae1 Qd5 19. Qb5 f5 20. Re3 $6 {After this White may
not be able to regain his pawn.} ({Correct is} 20. Ne3 Qxb5 21. axb5 Na7 22.
Nxf5 Nd2 23. Nxd2 Rxd2 {with an objectively equal position.}) 20... Rab8 $1 {
Now the white pieces are stuck.} 21. h3 ({It is worth mentioning that} 21.
Nfxe5 Qxb5 22. axb5 Nxe5 23. Nxe5 Rd5 {leads to simplifications favoring Black.
}) 21... Qe6 $1 {An excellent move emphasizing that the white queen doesn't
have many squares. Black is going to put his rook on d5 next.} 22. g4 {A
desperate attempt to muddy the waters at a cost of another pawn.} fxg4 (22...
g6 {is also possible and may be a more practical decision.}) 23. Rxe4 gxf3 24.
Kh2 h5 ({Black has plenty of good consolidating moves, one of them being} 24...
Rd5) 25. Rg1 Qf5 $6 (25... Rd5 {should still be the cornerstone of Black's
defence.}) 26. Qb3 {A tempting move but not the best one.} ({Instead, after} 
26. Ree1 $5 {White is probably going to win the e5-pawn soon maintaining the
initiative.}) 26... Kh7 $6 {This looks natural but gives White more tactical
ideas.} ({Of course not} 26... Qxe4 $4 27. Nd6+ {and wins.}) ({The computer
suggests a remarkable} 26... Kh8 $1 27. Qc2 g5 $3 {preventing White's idea in
the game.}) 27. Qc2 g6 28. h4 $1 {The position has become totally unclear.
White has a strong initiative and is probably going to regain material soon.}
Qd7 $2 {This leaves the black king too lonely.} ({Tenacious} 28... Qf6 {is
correct.}) 29. Rxg6 {A tempting, spectacular and a fully sound rook sacrifice.}
({Nevertheless, an equally spectacular} 29. Rf4 $5 {deserves serious attention.
}) 29... Kxg6 30. Rg4+ Kf7 31. Qg6+ Ke7 32. Qg7+ ({The computer points out to
a cold-blooded} 32. Qxh5 $5 {continuing the attack with a rook less.}) 32...
Ke6 33. Qg6+ Ke7 34. Qg7+ Ke6 35. Qg6+ ({White can deviate with} 35. Qh6+ Kd5
36. Qd2+ Kc5 37. Qe3+ {with a more forceful transposition to the game.}) 35...
Kd5 $2 {This winning attempt backfires badly.} (35... Ke7 {is a must.}) 36.
Qe4+ Kc5 {The critical position of the battle.} 37. Qe3+ {Not bad as White's
attack remains strong.} ({Nevertheless, the computer finds the following
spectacular win:} 37. b4+ $3 axb4 38. cxb4+ Nxb4 ({or} 38... Kxb4 39. Qb1+ Kxa4
40. Nb6+ Ka3 41. Ra4#) 39. Qxe5+ Qd5 40. Qxc7+ Qc6 41. Qe7+ Qd6+ 42. Nxd6 hxg4
43. Nxb7+ {with a decisive material advantage.}) 37... Nd4 38. Qxe5+ Qd5 {The
only move.} ({Black can't be satisfied with} 38... Kxc4 $2 39. Rxd4+ Qxd4 40.
Qb5#) 39. Qe7+ {Understandably, White decides to play it safe but lets Black
off the hook.} ({Instead, after} 39. Qxc7+ $1 Qc6 40. cxd4+ Kxc4 41. d5+ Kxd5
42. Qxa5+ b5 43. Qd2+ Kc5 44. Qe3+ Kd6 45. Rg6+ {White maintains good winning
chances in the endgame. Finding this line on move 39 must be impossible though.
}) 39... Kxc4 40. Rxd4+ Qxd4 41. cxd4 Kxd4 $2 {This renews White's winning
hopes.} ({Correct is} 41... c6 {as the d4-pawn isn't going to run away.} {A
sample line is} 42. Qe3 Rxd4 43. Qc3+ Kd5 44. Qxf3+ Ke6 45. Qxh5 Rf8 {The
black rooks are very active securing a draw.}) 42. Qe3+ Kd5 43. Qxf3+ {Now the
rooks are passive and White can play on.} Kd6 44. Qf6+ Kd7 45. Qf7+ Kd6 46.
Qf6+ Kd7 47. Qf5+ Kd6 48. Qxh5 b6 49. Qg6+ Kd7 50. f4 Rg8 51. Qf5+ Kc6 52. Qe4+
Kd6 53. Qe5+ Kc6 54. Qe4+ Kd6 55. Qd4+ {Somewhat surprisingly, a draw was
agreed here.} ({It would have been interesting to see how Black was going to
save half a point after} 55. h5 {In any case, a tremendous battle!}) 1/2-1/2

[Event "2015 Alberta Closed"]
[Site "Calgary"]
[Date "2015.04.05"]
[Round "4.3"]
[White "Porper, Edward"]
[Black "Kazmaier, Daniel"]
[Result "1/2-1/2"]
[WhiteElo "2492"]
[BlackElo "2312"]
[PlyCount "84"]
[EventDate "2015.04.03"]
[EventType "tourn"]
[EventRounds "5"]
[EventCountry "CAN"]

1. d4 Nf6 2. c4 g6 3. Nc3 d5 4. Nf3 Bg7 5. Bg5 c6 (5... Ne4 {is the most
popular continuation endorsed by a lot of big names.}) 6. e3 O-O 7. Qb3 dxc4 8.
Bxc4 b5 9. Be2 Be6 10. Qd1 Nbd7 11. O-O h6 12. Bf4 g5 {This looks too
weakening.} ({Immediate} 12... Nh5 $5 {deserves attention.}) 13. Bg3 Nh5 14.
Be5 f6 {An attempt to justify Black's previous play but White finds a strong
riposte.} 15. d5 $1 Bf7 ({After} 15... cxd5 16. Nd4 Nc5 17. Nxe6 Nxe6 18. Bxh5
fxe5 19. Nxd5 {White's positional superiority is indisputable.}) {Now several
pieces are in awkward positions so the situation on the board has become quite
confusing. The following few moves are full of inaccuracies until White
emerges with an extra piece.} 16. Nd4 $6 ({The complications after} 16. Bd4 $1
{favor White but it was difficult to calculate.}) 16... Nxe5 $1 {The only but
sufficient move.} 17. Bxh5 Bxd5 $6 ({Instead,} 17... b4 $1 18. Bxf7+ Rxf7 19.
Ne6 Qd7 {is equal.}) 18. f4 Nc4 19. Nf5 $6 e6 $1 20. Nxg7 Kxg7 21. e4 {This
ends up well for White but only thanks to Black's cooperation.} Qb6+ $2 ({
Instead, after} 21... Nxb2 22. Qe2 Bc4 23. Qxb2 Bxf1 24. Kxf1 gxf4 {Black
obtains material advantage and should be the one playing for a win.}) 22. Rf2
Rad8 23. exd5 cxd5 24. Qd3 {White is now up a piece and the black king is
unsafe.} f5 25. Ne2 d4 26. Ng3 Qd6 27. b3 Ne3 28. fxg5 hxg5 29. Qxb5 g4 30. Rc1
d3 31. Rd2 e5 $2 ({Black managed to create some play at a cost of a pawn and
now} 31... Qd4 $5 {would present White with some problems to solve.}) 32. Qa4
$2 ({The game is essentially over after} 32. Rc6 Qd5 33. Rg6+ Kh7 34. Qa6 Rd7
35. Rh6+ Kg8 36. Bg6 {etc.}) 32... Qd4 {Black doesn't miss it for the second
time.} 33. Rc7+ Kh6 34. Rc6+ ({White can retain his material advantage by
playing with a computer precision:} 34. Qxa7 Qxa7 35. Rxa7 f4 36. Ra6+ Kg5 37.
Rg6+ Kh4 38. Bxg4 Nxg4 39. Ne4) {Now, all of a sudden, it's very hard for
White to keep his winning hopes alive.} 34... Kg5 35. Rg6+ Kh4 36. Qxd4 Rxd4
37. Rh6 Kg5 38. Rg6+ Kh4 39. Rh6 f4 40. Be8+ {White has to take a draw to
avoid the worst.} Kg5 41. Rg6+ Kh4 42. Rh6+ Kg5 1/2-1/2

[Event "2015 Alberta Closed"]
[Site "Calgary"]
[Date "2015.04.05"]
[Round "5.1"]
[White "Kazmaier, Daniel"]
[Black "Arruebarrena, Rafael"]
[Result "1/2-1/2"]
[WhiteElo "2312"]
[BlackElo "2334"]
[PlyCount "81"]
[EventDate "2015.04.03"]
[EventType "tourn"]
[EventRounds "5"]
[EventCountry "CAN"]

1. d4 Nf6 2. Bg5 Ne4 3. Bf4 d5 4. f3 Nf6 5. c4 e6 6. Nc3 Bd6 7. Bxd6 Qxd6 8. c5
(8. e4 {looks like a logical follow-up but White has a different setup in mind.
}) 8... Qe7 9. f4 O-O 10. b4 b6 11. e3 a5 12. a3 {So White seized a lot of
space but barely moved any pieces.} c6 ({The computer points out to an amazing
} 12... Ng4 $3 {taking advantage of White's lag in development.} {The e3-pawn
can be defended by the king only so White should prefer} 13. Qxg4 axb4 14. Nb1
bxc5 {In this highly unbalanced position Black's pawn mass outweighs White's
knight.}) 13. Bd3 Ba6 ({A very interesting opportunity is} 13... e5 $5 {For
example,} 14. dxe5 axb4 15. axb4 Rxa1 16. Qxa1 bxc5 17. exf6 Qxe3+ 18. Be2 cxb4
{with initiative and a lot of pawns for a piece.}) 14. Bc2 Nbd7 15. Nf3 Ng4 16.
Ng5 $2 {White gets in trouble after this.} f5 $1 17. Qd2 e5 $1 {This
spectacular breakthrough refutes White's whole strategy.} 18. O-O-O axb4 19.
axb4 bxc5 20. dxc5 Bc4 21. h3 Nh6 22. Bd3 Bb3 23. Bc2 Bc4 24. Bd3 Bxd3 25. Qxd3
Nf7 26. Nxf7 Qxf7 27. Kc2 {White managed to exchange a few pieces but his
position remains bad because of his exposed king. Unfortunately, Black must
have lost the thread of the game at this point and allowed the opponent to
escape.} Rab8 {Too slow.} ({After another elegant breakthrough} 27... d4 $1 28.
exd4 e4 29. Qe3 Qc4 {White's position becomes critical.}) 28. Rb1 Qg6 29. Rhg1
Rb7 $2 30. g4 $2 ({White misses an opportunity to win an important pawn by} 30.
Nxd5 $1) 30... fxg4 $2 {Black loses the rest of his advantage, and the game
peters out to equality.} 31. Qxg6 hxg6 32. Rxg4 exf4 33. exf4 g5 34. b5 Nxc5
35. Rxg5 Rxf4 36. bxc6 Rf2+ 37. Kd1 Rxb1+ 38. Nxb1 Rf6 39. Nc3 Rxc6 40. Nxd5
Rd6 41. Ke1 1/2-1/2

[Event "2015 Alberta Closed"]
[Site "Calgary"]
[Date "2015.04.05"]
[Round "5.2"]
[White "Wang, Richard"]
[Black "Porper, Edward"]
[Result "1-0"]
[WhiteElo "2401"]
[BlackElo "2492"]
[PlyCount "77"]
[EventDate "2015.04.03"]
[EventType "tourn"]
[EventRounds "5"]
[EventCountry "CAN"]

1. d4 d6 2. c4 e5 3. e3 Nd7 4. Nc3 Ngf6 5. Nf3 g6 6. Be2 Bg7 7. O-O O-O 8. Rb1
{This move may be considered a loss of a tempo.} ({White can start advancing
the pawns immediately:} 8. b4 Re8 9. a4 e4 10. Nd2 {etc.}) 8... Re8 9. b4 e4
10. Nd2 Nf8 11. f3 {Technically, a novelty.} ({A normal move is} 11. a4 {
playing the King's Indian attack (KIA) with the colors reversed.}) 11... exf3
12. Bxf3 {Old KIA theory judged this plan to be insufficient for equality
although the evaluation may have changed since.} Ne6 13. Bb2 Ng5 14. e4 {
Otherwise, White is simply worse.} h5 {A typical thrust in the KIA.} ({The
computer recommends a useful semi-waiting move} 14... c6 $5 {inviting White to
define his intentions.}) 15. h3 c5 $6 {It is tempting to undermine the white
center but giving up the d5-square turns out to be a significant concession.} (
15... c6 $5 {is still good as White is in some difficulties finding a useful
move.} {Moreover, after something like} 16. a4 $2 {Black has} Ng4 $1 17. hxg4
Bxd4+ {with a decisive attack.}) 16. dxc5 dxc5 17. e5 $6 {Too optimistic.} ({
It turns out that the simple} 17. bxc5 $1 {is correct. For example,} Qd4+ 18.
Kh1 Qxc5 19. Nd5 Nxd5 20. cxd5 Bxb2 21. Rxb2 {and White is a little better.})
17... Rxe5 18. Nd5 Nxd5 {Now White can breathe a sigh of relief.} ({It would
have been interesting to see what Richard was going to do after} 18... Rf5 $1 {
For example, after} 19. Bxf6 Bxf6 20. Nxf6+ $2 Qxf6 {Black has an extra pawn
and the better position.}) 19. Bxd5 ({Certainly not} 19. Bxe5 $2 {which loses
immediately to} Ne3 20. Qe2 Bxe5) 19... Rf5 {One move too late.} ({Instead,
Black can sacrifice an exchange} 19... Rxd5 20. cxd5 Qxd5 21. Bxg7 Kxg7 22.
bxc5 Qxc5+ 23. Kh1 Qd5 {with an equal position.}) 20. Bxg7 Kxg7 21. bxc5 Qe7
22. Nb3 $6 {This knight is needed on the kingside.} ({Instead, White should
just exchange pawns by means of} 22. Rxf5 Bxf5 23. Rxb7 Qxc5+ 24. Kh1 {with a
better position.}) 22... Qe3+ 23. Kh1 Ne4 $1 {Correct.} (23... Nxh3 {is
tempting but White has a strong reply} 24. Qd4+ Qxd4 25. Nxd4 Rxf1+ 26. Rxf1
Ng5 27. Nb5 {and it is Black who has to fight for a draw.}) 24. Bxe4 Qxe4 25.
Re1 Qxc4 26. Re8 {White was counting on this resource but it has a well-hidden
flaw.} ({Instead, after} 26. Rc1 Qd5 27. Qe2 {the computer gives White full
compensation for the pawn.}) 26... Rd5 $1 27. Qe1 {The critical position of
the whole tournament.} Qd3 $2 {What a pity!} ({Black has an amazing} 27... Bxh3
$3 {with a decisive advantage in all lines.} {For example,} 28. Rxa8 Bxg2+ 29.
Kh2 Rg5 $1 30. Qf2 Qe6 {etc. Certainly, the position is complex and difficult
to calculate. However, Black should have gone for it simply because the game
continuation is terrible for him.}) 28. Rc1 $1 {Now Black doesn't even have a
meaningful move.} Rd7 $2 29. c6 $1 {And suddenly it's all over.} Rd5 ({Or} 
29... bxc6 30. Nc5 {and Black can resign.}) 30. c7 b6 31. Qe7 Rf5 32. Qf8+ Kf6
33. Qe7+ Kg7 34. h4 Rf1+ 35. Kh2 $1 ({Avoiding} 35. Rxf1 $2 Qxf1+ 36. Kh2 Qf4+
37. Kg1 Ba6 38. Rxa8 Qf1+ 39. Kh2 Qf4+ {with a perpetual check.}) 35... Be6 36.
Qf8+ Kf6 37. Qe7+ Kg7 38. Rxa8 Rxc1 39. Qf8+ 1-0